Ecology of vesicular arbuscular mycorrhizal fungi in rubber growing soils of Kerala (Record no. 74618)

MARC details
000 -LEADER
fixed length control field 00426nam a2200133Ia 4500
100 ## - MAIN ENTRY--AUTHOR NAME
Personal name Jossy Abraham
245 #0 - TITLE STATEMENT
Title Ecology of vesicular arbuscular mycorrhizal fungi in rubber growing soils of Kerala
260 ## - PUBLICATION, DISTRIBUTION, ETC. (IMPRINT)
Name of publisher Mahatma Gandhi University
Place of publication Kottayam
Year of publication 2003
300 ## - PHYSICAL DESCRIPTION
Number of Pages 175
500 ## - GENERAL NOTE
General note Course: Ph. D
700 ## - ADDED ENTRY--PERSONAL NAME
Personal name Dr R Kothandaraman and Dr C Kuruvilla Jacob
942 ## - ADDED ENTRY ELEMENTS (KOHA)
Koha item type Theses
Holdings
Withdrawn status Lost status Damaged status Not for loan Collection code Home library Current library Shelving location Date acquired Koha item type
      Theses Thesis RRII Library RRII Library Crop protection 31/12/2021 Theses